Champions League Group Stage Losers - Statistics

General Stats
  • This quiz has been taken 26 times
    24 since last reset
  • The average score is 10 of 20
Answer Stats
Country Season Answer % Correct
Portugal 2017-18 Benfica
90%
Belgium 2004-05 RSC Anderlecht
85%
Turkey 2001-02 Fenerbahçe
65%
Croatia 2011-12 Dinamo Zagreb
60%
Croatia 2016-17 Dinamo Zagreb
60%
Ukraine 2007-08 Dynamo Kyiv
60%
Serbia 2010-11 FK Partizan Belgrade
60%
Russia 2002-03 Spartak Moscow
60%
Greece 2018-19 AEK Athens
55%
Israel 2015-16 Maccabi Tel Aviv
55%
France 2013-14 Olympique Marseille
55%
Spain 2011-12 Villarreal
55%
Belgium 2016-17 Club Brugge
45%
Israel 2009-10 Maccabi Haifa
45%
Austria 2005-06 Rapid Vienna
45%
Slovakia 1997-98 1. FC Košice
20%
Hungary 2009-10 Debreceni VSC
20%
Bulgaria 2006-07 Levski Sofia
15%
Slovakia 2010-11 MŠK Žilina
5%
Romania 2011-12 Oțelul Galați
5%
No matching quizzes found
Score Distribution
Percent of People with Each Score
Percentile by Number Answered
Your Score History
You have not taken this quiz since the last reset